Effective executive compensation creating a total rewards strategy for executives /

Bibliographic Details
Main Author: Graham, Michael Dennis, 1952-
Corporate Author: ProQuest (Firm)
Other Authors: Roth, Thomas A., 1949-, Dugan, Dawn, 1967-
Format: Electronic eBook
Language:English
Published: New York : AMACOM/American Management Association, c2008.
Subjects:
Online Access:Click to View
LEADER 01699nam a2200445 a 4500
001 EBC408740
003 MiAaPQ
005 20200520144314.0
006 m o d |
007 cr cn|||||||||
008 070917s2008 nyua sb 001 0 eng
010 |z  2007038372 
015 |a GBA825314  |2 bnb 
016 7 |z 014537141  |2 Uk 
020 |z 9780814410127 
020 |z 081441012X 
035 |a (MiAaPQ)EBC408740 
035 |a (Au-PeEL)EBL408740 
035 |a (CaPaEBR)ebr10271756 
035 |a (CaONFJC)MIL175796 
035 |a (OCoLC)233823446 
040 |a MiAaPQ  |c MiAaPQ  |d MiAaPQ 
043 |a n-us--- 
050 4 |a HD4965.5.U6  |b G73 2008 
082 0 4 |a 658.4/072  |2 22 
100 1 |a Graham, Michael Dennis,  |d 1952- 
245 1 0 |a Effective executive compensation  |h [electronic resource] :  |b creating a total rewards strategy for executives /  |c Michael Dennis Graham, Thomas A. Roth, Dawn Dugan. 
260 |a New York :  |b AMACOM/American Management Association,  |c c2008. 
300 |a xx, 523 p. :  |b ill. 
504 |a Includes bibliographical references (p. 495-506) and index. 
533 |a Electronic reproduction. Ann Arbor, MI : ProQuest, 2015. Available via World Wide Web. Access may be limited to ProQuest affiliated libraries. 
650 0 |a Executives  |x Salaries, etc.  |z United States. 
650 0 |a Employee fringe benefits  |z United States. 
650 0 |a Incentive awards  |z United States. 
650 0 |a Compensation management  |z United States. 
655 4 |a Electronic books. 
700 1 |a Roth, Thomas A.,  |d 1949- 
700 1 |a Dugan, Dawn,  |d 1967- 
710 2 |a ProQuest (Firm) 
856 4 0 |u https://ebookcentral.proquest.com/lib/matrademy/detail.action?docID=408740  |z Click to View